| 000 | 00763nam a22002177a 4500 | ||
|---|---|---|---|
| 999 |
_c6435 _d6435 |
||
| 003 | AR-CdUCM | ||
| 008 | 190315b ||||| |||| 00| 0 eng d | ||
| 040 |
_aMUNICIPALIDAD PROVINCIAL DEL CUSCO _cBIBLIOTECA MUNICIPAL DEL CUSCO |
||
| 082 |
_a403 / _bSI56 |
||
| 245 |
_aSimon and schuster´s international dictionary : _bEnglish / Spanihh Spanihh / English / |
||
| 260 |
_aEE.UU. : _bSimon and schuster´s, _c1973. |
||
| 300 |
_aXVII ; 1605 páginas ; _bilustraciones ; _c28 cm. |
||
| 500 | _aTexto en ingles y español, hojas contracaras. | ||
| 650 |
_aDiccionario _95196 |
||
| 650 |
_aBilingüe _9949 |
||
| 650 |
_aTerminologias _918265 |
||
| 650 |
_aTecnica-ciencias _918266 |
||
| 710 |
_aSimon and schuster´s _918267 |
||
| 942 |
_2ddc _cLIBROS |
||
| 945 | _azta | ||